000 01263nam a22003497a 4500
003 CHAP
005 20220329143216.0
008 070212d2006 mx r 00110 spa d
010 _a93305
011 _a94277
035 _a104864
040 _cCHAP
090 _aTesis
100 1 _aTorres Hernández, Argelia.
_9114131
245 1 0 _aElementos para la construcción de una cadena agroindustrial, el caso del amaranto en Tlaxcala
_c/por Argelia Torres Hernández
260 _aChapingo, Méx. :
_bEl autor,
_c2006.
300 _a62 h. :
_bilus.; gráfs.; cuadros.
502 _aTesis (Ing. Agroindustrial) - - UACH. Departamento de Ingenieria Agroindustrial
590 _aALEPH
_b10
_c20130110
_lUCH01
_h1516
590 _aBATCH-UPD
_b10
_c20130110
_lUCH01
_h0649
590 _aBATCH-UPD
_b10
_c20130410
_lUCH01
_h0333
590 _aBATCH-UPD
_b10
_c20130914
_lUCH01
_h0304
590 _aCONVERSION
_b10
_c20130109
_lUCH01
_h1352
650 1 4 _aAmaranto.
_95109
650 1 4 _aAmaranto
_xAspectos económicos.
_95112
650 1 4 _aAmaranto
_xIndustria.
_95129
901 _aBK
905 _aElisama A. H.
942 _cFOLL
949 _aTesis
_bBC
_cTES
_d33724002007314
_eTS1
_h46226
_i104864
_sb
949 _aTesis
_bBC
_cTES
_d33724002007355
_eTS2
_fc.2
_h46227
_i104864
_sb
999 _c93305
_d93305